00863cam a22002411 4500001001300000003000400013005001700017008004100034010001700075035002000092040004500112042001200157050001800169100005900187245010200246260004800348300005200396500006200448500004300510504002500553650002600578999001700604f 29000034 DLC20260227111249.0850730r19291929dcua b f000 0 eng c af 29000034  a(OCoLC)12326059 aU.S. Bureau of Fish. LibrarycNcWsWdDLC apremarc00aSH191.T5bH531 aHildebrand, Samuel F.q(Samuel Frederick),d1883-1949.10aReview of experiments on artificial culture of diamondback terrapin.cBy Samuel F. Hildebrand ... aWashington,bU.S. Govt. Print. Off.,c1929. a1 p. l., p. 25-70 incl. tables, diagrs.c28 cm. aFrom Bulletin of the Bureau of Fisheries, vol. XLV, 1929. aBureau of Fisheries document no. 1060. aBibliography: p. 70. 0aDiamondback terrapin. c23299d23299